00897 2200301 4500001002100000005001500021035002000036007000300056008004100059020002200100082001400122084001600136100002800152245007600180250003400256300003000290650002000320700003200340264004900372336002100421337003000442338002300472040002200495090002200517850001200539999002200551990002200573INLIS00000000088824220240703093939 a0010-0724000141ta240703s2022 yoi e 1 ind d a978-623-6579-36-704223a809.8 a809.8 EKO l0 aEko NoviantoePengarang14aDi luar kerja di luar Jawa /cEko Novianto; penyunting, Yuyun Wijayanti aCetakan pertama: Agustus 2022 axxx, 363 halaman ;c20 cm 4aKisah kehidupan0 aYuyun WijayantiePenyunting31aYogyakarta :bGaza Library Publishing,c2022 2rdacontentateks 2rdamediaatanpa perantara 2rdacarrieravolume aYOPDYOGbinderda aCB-D.11 2022-4961 aYOPDYOG aCB-D.11/2022-4961 aCB-D.11/2022-4961